| 000 | 00655nam a2200217Ia 4500 | ||
|---|---|---|---|
| 003 | OSt | ||
| 005 | 20220107122746.0 | ||
| 008 | 130318s9999 xx 000 0 und d | ||
| 020 | _a9781848212992 | ||
| 040 | _cIIITM-K | ||
| 082 | _a004.62 BAR/C | ||
| 100 |
_aBarrera, David Garduno _95269 |
||
| 245 |
_aCommunicating systems with UML2: _bModeling and analysis of network protocols _cby David Garduno Barrera; Michel Diaz |
||
| 260 |
_bWiley, _aNew Jersey, _c2011. |
||
| 300 | _axii, 262p. | ||
| 650 |
_aCOMMUNICATION PROTOCOLS _95270 |
||
| 650 |
_aCOMPUTER NETWORKS _95271 |
||
| 650 |
_aTCP/IP _95272 |
||
| 700 |
_aMichel Diaz _95273 |
||
| 942 |
_2ddc _cBK |
||
| 999 |
_c4200 _d4200 |
||